Sports Quiz

Random Sports or NBA Quiz
Score 0/300 Timer 20:00
0 Plays Today
Franchise Player % Correct
Los Angeles LakersMagic Johnson
99.1%
Minnesota TimberwolvesKevin Garnett
99.1%
Charlotte HornetsLarry Johnson
98.6%
Chicago BullsMichael Jordan
98.6%
Los Angeles ClippersDeAndre Jordan
98.6%
Phoenix SunsKevin Johnson
98.6%
Cleveland CavaliersLeBron James
98.1%
Miami HeatLeBron James
98.1%
Milwaukee BucksMarques Johnson
98.1%
San Antonio SpursAvery Johnson
98.1%
Toronto RaptorsAmir Johnson
98.1%
Washington WizardsGus Johnson
98.1%
Boston CelticsLarry Bird
97.7%
Boston CelticsBill Russell
97.2%
Charlotte HornetsDell Curry
97.2%
Dallas MavericksDirk Nowitzki
97.2%
Golden State WarriorsStephen Curry
97.2%
Los Angeles LakersJerry West
97.2%
New Orleans PelicansDavid West
96.7%
Brooklyn NetsJason Kidd
96.2%
Dallas MavericksJason Kidd
96.2%
Detroit PistonsIsiah Thomas
96.2%
New Orleans PelicansAnthony Davis
96.2%
Atlanta HawksDominique Wilkins
95.8%
Chicago BullsScottie Pippen
95.8%
Houston RocketsMoses Malone
95.8%
Indiana PacersReggie Miller
95.8%
Los Angeles ClippersChris Paul
95.8%
New Orleans PelicansChris Paul
95.8%
Utah JazzKarl Malone
95.8%
Washington WizardsJohn Wall
95.8%
Houston RocketsJames Harden
95.3%
Memphis GrizzliesMike Miller
95.3%
Boston CelticsPaul Pierce
94.8%
Miami HeatDwyane Wade
94.8%
Oklahoma City ThunderKevin Durant
94.8%
Oklahoma City ThunderRussell Westbrook
94.8%
Los Angeles LakersKobe Bryant
94.4%
Los Angeles LakersKareem Abdul-Jabbar
94.4%
Los Angeles LakersShaquille O'Neal
94.4%
Milwaukee BucksKareem Abdul-Jabbar
94.4%
Orlando MagicShaquille O'Neal
94.4%
Philadelphia 76ersAllen Iverson
94.4%
Indiana PacersJermaine O'Neal
93.9%
Memphis GrizzliesMarc Gasol
93.9%
Memphis GrizzliesPau Gasol
93.9%
Portland Trail BlazersClifford Robinson
93.9%
Charlotte HornetsKemba Walker
93.4%
Dallas MavericksSteve Nash
93.4%
Golden State WarriorsWilt Chamberlain
93.4%
Houston RocketsHakeem Olajuwon
93.4%
Los Angeles LakersWilt Chamberlain
93.4%
Memphis GrizzliesTony Allen
93.4%
Milwaukee BucksRay Allen
93.4%
Minnesota TimberwolvesKevin Love
93.4%
Philadelphia 76ersWilt Chamberlain
93.4%
Phoenix SunsSteve Nash
93.4%
San Antonio SpursTim Duncan
93.4%
Boston CelticsKevin McHale
93%
Chicago BullsChet Walker
93%
Chicago BullsBob Love
93%
New York KnicksPatrick Ewing
93%
Atlanta HawksBob Pettit
92.5%
Brooklyn NetsJulius Erving
92.5%
Brooklyn NetsVince Carter
92.5%
Oklahoma City ThunderGary Payton
92.5%
Philadelphia 76ersJulius Erving
92.5%
Portland Trail BlazersRasheed Wallace
92.5%
Toronto RaptorsVince Carter
92.5%
Boston CelticsJohn Havlicek
92%
Boston CelticsSam Jones
92%
Charlotte HornetsGerald Wallace
92%
Cleveland CavaliersTristan Thompson
92%
Denver NuggetsDavid Thompson
92%
Denver NuggetsBobby Jones
92%
Detroit PistonsBen Wallace
92%
Golden State WarriorsKlay Thompson
92%
Indiana PacersDale Davis
92%
Miami HeatEddie Jones
92%
Portland Trail BlazersClyde Drexler
92%
Toronto RaptorsAntonio Davis
92%
Dallas MavericksBrad Davis
91.5%
Denver NuggetsCarmelo Anthony
91.5%
Phoenix SunsWalter Davis
91.5%
Utah JazzJohn Stockton
91.5%
Brooklyn NetsBuck Williams
90.6%
Miami HeatChris Bosh
90.6%
Portland Trail BlazersBuck Williams
90.6%
Toronto RaptorsChris Bosh
90.6%
Utah JazzDeron Williams
90.6%
Cleveland CavaliersHot Rod Williams
90.1%
Oklahoma City ThunderGus Williams
90.1%
Philadelphia 76ersCharles Barkley
90.1%
Sacramento KingsOscar Robertson
90.1%
Boston CelticsBob Cousy
89.7%
San Antonio SpursTony Parker
89.7%
Boston CelticsRobert Parish
88.3%
Charlotte HornetsAlonzo Mourning
88.3%
Miami HeatAlonzo Mourning
88.3%
San Antonio SpursManu Ginobili
88.3%
Franchise Player % Correct
Detroit PistonsJoe Dumars
87.3%
Los Angeles ClippersBlake Griffin
87.3%
Denver NuggetsAlex English
86.9%
Los Angeles ClippersRandy Smith
86.9%
Detroit PistonsChauncey Billups
86.4%
Memphis GrizzliesMike Conley
86.4%
New York KnicksWillis Reed
85.4%
Cleveland CavaliersKyrie Irving
85%
Orlando MagicAnfernee Hardaway
85%
Miami HeatTim Hardaway
84.5%
New York KnicksWalt Frazier
84%
Orlando MagicDwight Howard
84%
Orlando MagicTracy McGrady
84%
Los Angeles LakersElgin Baylor
83.6%
Portland Trail BlazersDamian Lillard
83.6%
Oklahoma City ThunderShawn Kemp
82.6%
Phoenix SunsAmar'e Stoudemire
82.6%
San Antonio SpursGeorge Gervin
82.6%
San Antonio SpursDavid Robinson
82.2%
Toronto RaptorsDeMar DeRozan
82.2%
Golden State WarriorsRick Barry
81.7%
Houston RocketsElvin Hayes
81.7%
Washington WizardsElvin Hayes
81.7%
Chicago BullsJimmy Butler
81.2%
Washington WizardsWes Unseld
81.2%
Minnesota TimberwolvesKarl-Anthony Towns
80.8%
Detroit PistonsBill Laimbeer
80.3%
Toronto RaptorsKyle Lowry
80.3%
Brooklyn NetsBrook Lopez
79.3%
Los Angeles LakersJames Worthy
78.9%
Golden State WarriorsChris Mullin
77.9%
Phoenix SunsShawn Marion
77.9%
Portland Trail BlazersLaMarcus Aldridge
77.9%
San Antonio SpursKawhi Leonard
77.9%
Atlanta HawksAl Horford
77.5%
Memphis GrizzliesZach Randolph
77.5%
Brooklyn NetsRichard Jefferson
76.5%
Cleveland CavaliersMark Price
75.6%
Houston RocketsYao Ming
75.6%
Denver NuggetsDikembe Mutombo
74.2%
Sacramento KingsMitch Richmond
73.2%
Detroit PistonsGrant Hill
72.8%
Dallas MavericksMark Aguirre
72.3%
Charlotte HornetsGlen Rice
71.4%
Chicago BullsJoakim Noah
71.4%
Dallas MavericksJason Terry
71.4%
Indiana PacersRik Smits
71.4%
Miami HeatGlen Rice
71.4%
Boston CelticsDave Cowens
70.9%
Chicago BullsHorace Grant
70.9%
Los Angeles LakersGeorge Mikan
70.9%
Orlando MagicHorace Grant
70.9%
Philadelphia 76ersHal Greer
70.9%
Utah JazzAdrian Dantley
70.9%
New Orleans PelicansRyan Anderson
70.4%
Orlando MagicNick Anderson
70.4%
New Orleans PelicansPeja Stojakovic
69.5%
Philadelphia 76ersDolph Schayes
69.5%
Sacramento KingsPeja Stojakovic
69.5%
Los Angeles ClippersElton Brand
69%
Portland Trail BlazersTerry Porter
68.5%
Detroit PistonsBob Lanier
66.7%
Oklahoma City ThunderRashard Lewis
66.7%
Chicago BullsLuol Deng
66.2%
Miami HeatUdonis Haslem
66.2%
Philadelphia 76ersAndre Iguodala
66.2%
Detroit PistonsDave Bing
65.7%
Milwaukee BucksMichael Redd
65.3%
Cleveland CavaliersBrad Daugherty
64.3%
Washington WizardsGilbert Arenas
64.3%
Dallas MavericksDerek Harper
63.8%
Milwaukee BucksSidney Moncrief
63.8%
New York KnicksCharles Oakley
63.8%
Indiana PacersRoger Brown
62.9%
New Orleans PelicansP.J Brown
62.9%
Oklahoma City ThunderFred Brown
62.9%
Utah JazzPul Millsap
62.9%
Los Angeles ClippersBob McAdoo
62%
Chicago BullsArtis Gilmore
61%
Cleveland CavaliersLarry Nance
61%
Orlando MagicJameer Nelson
61%
Phoenix SunsLarry Nance
61%
San Antonio SpursArtis Gilmore
61%
Philadelphia 76ersMaurice Cheeks
60.6%
Detroit PistonsTayshaun Prince
60.1%
Golden State WarriorsPaul Arizin
59.6%
Cleveland CavaliersZydrunas Ilgauskas
59.2%
Dallas MavericksRolando Blackman
59.2%
Milwaukee BucksGiannis Antetokounmpo
59.2%
Denver NuggetsDan Issel
58.7%
Golden State WarriorsNate Thurmond
58.7%
Dallas MavericksMichael Finley
58.2%
New York KnicksAllan Houston
58.2%
Phoenix SunsAlvan Adams
57.7%
Washington WizardsAntawn Jamison
57.7%
Houston RocketsCalvin Murphy
57.3%
Oklahoma City ThunderDetlef Schrempf
57.3%
Oklahoma City ThunderJack Sikma
56.8%
Indiana PacersDanny Granger
56.3%
New Orleans PelicansJrue Holiday
55.9%
Franchise Player % Correct
Sacramento KingsJerry Lucas
55.9%
Memphis GrizzliesRudy Gay
55.4%
Utah JazzJeff Hornacek
55.4%
Atlanta HawksKevin Williis
54.9%
Charlotte HornetsMuggsy Bogues
54.9%
Washington WizardsWalt Bellamy
54.9%
Atlanta HawksLou Hudson
54.5%
Denver NuggetsFat Lever
54%
Minnesota TimberwolvesRicky Rubio
54%
New Orleans PelicansTyson Chandler
54%
Utah JazzMark Eaton
54%
Boston CelticsBill Sharman
53.5%
Houston RocketsSteve Francis
53.5%
Philadelphia 76ersBilly Cunningham
52.6%
Sacramento KingsTiny Archibald
52.6%
Brooklyn NetsDerrick Coleman
51.6%
Minnesota TimberwolvesSam Mitchell
51.2%
Charlotte HornetsAnthony Mason
50.7%
Memphis GrizzliesShareef Abdur-Rahim
50.7%
Milwaukee BucksTerry Cummings
48.8%
Orlando MagicNikola Vucevic
48.8%
Phoenix SunsDan Majerle
48.4%
Houston RocketsRudy Tomjanovich
47.4%
Houston RocketsOtis Thorpe
47.4%
Atlanta HawksMookie Blaylock
46.9%
Portland Trail BlazersJerome Kersey
46%
San Antonio SpursSean Elliott
45.5%
Charlotte HornetsEmeka Okafor
45.1%
New Orleans PelicansEmeka Okafor
45.1%
Phoenix SunsPaul Westphal
45.1%
Minnesota TimberwolvesWally Szczerbiak
44.1%
Los Angeles ClippersDanny Manning
43.7%
Dallas MavericksSam Perkins
43.2%
Orlando MagicHedo Turkoglu
43.2%
Milwaukee BucksBob Dandridge
41.3%
Miami HeatHassan Whiteside
40.8%
Toronto RaptorsJonas Valanciunas
40.8%
Atlanta HawksTree Rollins
40.4%
Chicago BullsJerry Sloan
39.9%
Los Angeles ClippersCorey Maggette
39.9%
Atlanta HawksCliff Hagan
39.4%
Orlando MagicDarrell Armstrong
39%
Brooklyn NetsKerry Kittles
38.5%
Sacramento KingsJack Twyman
37.1%
Memphis GrizzliesShane Battier
36.6%
Golden State WarriorsNeil Johnston
36.2%
Los Angeles LakersVern Mikkelsen
35.7%
Toronto RaptorsJose Calderon
35.7%
New York KnicksRichie Guerin
35.2%
Portland Trail BlazersJim Paxson
35.2%
Toronto RaptorsDoug Christie
35.2%
Cleveland CavaliersTerrell Brandon
34.7%
Minnesota TimberwolvesTerrell Brandon
34.7%
New York KnicksBill Cartwright
33.8%
Indiana PacersBilly Knight
33.3%
Miami HeatGrant Long
33.3%
Atlanta HawksJohn Drew
32.9%
Houston RocketsRobert Reid
32.9%
Utah JazzMehmet Okur
32.9%
San Antonio SpursJames Silas
31%
Minnesota TimberwolvesChristian Laettner
30%
Portland Trail BlazersArvydas Sabonis
29.1%
Denver NuggetsNene
27.2%
Golden State WarriorsJeff Mullins
26.8%
Minnesota TimberwolvesTom Gugliotta
26.3%
Oklahoma City ThunderNate McMillan
26.3%
Indiana PacersMel Daniels
25.8%
Milwaukee BucksPaul Pressey
25.8%
Charlotte HornetsDavid Wesley
25.4%
Toronto RaptorsMorris Peterson
25.4%
Minnesota TimberwolvesGorgui Dieng
24.9%
Denver NuggetsTy Lawson
22.5%
Indiana PacersVern Fleming
21.6%
Cleveland CavaliersAnderson Varejao
21.1%
Los Angeles ClippersLoy Vaught
21.1%
Phoenix SunsDick Van Arsdale
21.1%
Atlanta HawksZelmo Beaty
20.2%
Indiana PacersJeff Foster
20.2%
New Orleans PelicansJamaal Magloire
17.8%
Washington WizardsPhil Chenier
17.8%
New York KnicksHarry Gallatin
17.4%
Detroit PistonsLarry Foust
16.9%
Sacramento KingsSam Lacey
15.5%
Golden State WarriorsTom Gola
13.6%
Brooklyn NetsMike Gminski
13.1%
Washington WizardsJack Marin
11.3%
New York KnicksCarl Braun
9.9%
Sacramento KingsArnie Risen
9.9%
Sacramento KingsBob Davies
9.4%
Utah JazzAndrei Kirilenko
9.4%
Utah JazzRudy Gobert
8.9%
Sacramento KingsBobby Wanzer
8.5%
Washington WizardsGreg Ballard
8.5%
Denver NuggetsByron Beck
8%
Los Angeles ClippersSwen Nater
7%
Memphis GrizzliesStromile Swift
6.6%
New York KnicksKenny Sears
4.2%
Brooklyn NetsBilly Paultz
3.8%
Milwaukee BucksJon McGlocklin
3.3%
Philadelphia 76ersLarry Costello
1.9%
Remove Ads.
Support Sporcle.
Get the best of Sporcle when you Go Orange. This ad-free experience offers more features, more stats, and more fun while also helping to support Sporcle. Thank you for becoming a member.

You're not logged in!

Compare scores with friends on all Sporcle quizzes.
OR
Log In

Show Comments

Extras

Created Dec 14, 2018ReportNominate
Tags:NBA Quiz

Top Quizzes Today


Score Distribution

Your Account Isn't Verified!

In order to create a playlist on Sporcle, you need to verify the email address you used during registration. Go to your Sporcle Settings to finish the process.

Report this User

Report this user for behavior that violates our Community Guidelines.

Details: